00520nam a2200181Ia 450000500170000000800410001702000290005804000190008704100120010608200130011810000170013124500780014826000370022630000110026344000340027465000200030885000100032820240415100802.0131103s9999 xx 000 0 und d a0 87692 563 8cRs.148.00 aLoreto College aEnglish a425bZIN aZinkin, Taya aWrite rightb a guide to effective communication in english cTaya Zinkin aNew DelhibPrentice - Hallc1989 a105p.  aPergamon institute of english aEnglish grammar aLCBED